000 00319 a2200157 4500
001 57981
020 _a
040 _cAnchieta - Pituba
100 _aOneill, Eugene
240 1 0 _aQuatro peças
_lpor
245 1 0 _aQuatro peças
300 _a284
362 0 _a1971
650 4 _aDrama norte-americano
942 _cBK
999 _c57981
_d57981